climate forcing by aerosols (Record no. 46589)

MARC details
000 -LEADER
fixed length control field 00346nam a2200121Ia 4500
100 ## - MAIN ENTRY--AUTHOR NAME
Personal name Venkataraman Chandra
245 #0 - TITLE STATEMENT
Title climate forcing by aerosols
260 ## - PUBLICATION, DISTRIBUTION, ETC. (IMPRINT)
Name of publisher Update: A Newsletter of Industrial Research and Consultancy Centre
Year of publication 2003
300 ## - PHYSICAL DESCRIPTION
Number of Pages 6
650 ## - SUBJECT ADDED ENTRY--TOPICAL TERM
Topical Term Global warming
942 ## - ADDED ENTRY ELEMENTS (KOHA)
Koha item type Reprints
Holdings
Withdrawn status Lost status Damaged status Not for loan Home library Current library Date acquired Serial Enumeration / chronology Koha item type
      Reprints RRII Library RRII Library 22/12/2021 Volume, Issue 1 Reprints